Transparency in FinTech Exploring Technological Advances, Regulation, and Societal Impact with Case Studies
Saved in:
| Format: | Book |
|---|---|
| Language: | English |
| Published: |
Cham
Springer Nature Switzerland
2025
|
| Edition: | 1st Edition |
| Subjects: | |
| Tags: |
No Tags, Be the first to tag this record!
|
MARC
| LEADER | 00000nam a2200000 4500 | ||
|---|---|---|---|
| 001 | 0313763 | ||
| 005 | 20251222120125.2 | ||
| 020 | |a 978-3-032-03523-3 | ||
| 022 | |a 2662-5091 (electronic) | ||
| 041 | 0 | |a eng | |
| 044 | |a CH | ||
| 245 | 1 | 0 | |a Transparency in FinTech |b Exploring Technological Advances, Regulation, and Societal Impact with Case Studies |
| 250 | |a 1st Edition | ||
| 264 | 1 | |a Cham |b Springer Nature Switzerland |c 2025 | |
| 300 | |a 358 s. | ||
| 610 | 2 | 0 | |a technológie finančné |
| 610 | 2 | 0 | |a transparentnosť |
| 610 | 2 | 0 | |a rozvoj technický |
| 610 | 2 | 0 | |a regulácia |
| 610 | 2 | 0 | |a javy sociálne |
| 610 | 2 | 0 | |a štúdie prípadové |